[Event "6. Raiffeisen Open - A"]
[Site "Aschach"]
[Date "1997.12.31"]
[Round "7"]
[White "Schelle, Artur"]
[Black "Ljubic, Juro"]
[Result "0-1"]
[WhiteElo "2260"]
[BlackElo "2175"]
[PlyCount "56"]
[EventDate "1997.??.??"]
[Source "Union Hartkirch"]
[SourceDate "1998.01.01"]

1. d4 Nf6 2. c4 e6 3. Nc3 d5 4. cxd5 exd5 5. Bg5 Be7 6. e3 O-O 7. Bd3 Nbd7 8.
Qc2 h6 9. Bh4 c5 10. Nge2 a6 11. O-O c4 12. Bf5 b5 13. e4 dxe4 14. Nxe4 Bb7 15.
Bg3 Nxe4 16. Bxe4 Bxe4 17. Qxe4 Nf6 18. Qc2 Nd5 19. Be5 Bf6 20. Ng3 Re8 21.
Rfe1 Nb4 22. Qf5 Bxe5 23. dxe5 Qc8 24. Qh5 Nc2 25. Ne4 Re6 26. f4 Nxa1 27. Rxa1
Qc6 28. Nd6 Qc5+ 0-1

[Event "6. Raiffeisen Open - A"]
[Site "Aschach"]
[Date "1997.12.31"]
[Round "7"]
[White "Pisk, Petr"]
[Black "Hellmayr, Alois"]
[Result "1-0"]
[WhiteElo "2340"]
[BlackElo "2220"]
[PlyCount "67"]
[EventDate "1997.??.??"]
[Source "Union Hartkirch"]
[SourceDate "1998.01.01"]

1. e4 c5 2. c3 d5 3. exd5 Qxd5 4. d4 e6 5. Nf3 Nf6 6. Bd3 cxd4 7. cxd4 Be7 8.
Nc3 Qd6 9. O-O O-O 10. Re1 Nc6 11. a3 b6 12. Be3 Bb7 13. Qe2 Rfd8 14. Rad1 Rac8
15. Bb1 Na5 16. Ne5 g6 17. Bg5 a6 18. Ba2 Rc7 19. h4 b5 20. Bf4 Nh5 21. Bh2
Bxh4 22. Nxf7 Bxf2+ 23. Qxf2 Rxf7 24. Bxd6 Rxf2 25. Kxf2 Rxd6 26. Rxe6 Rxe6 27.
Bxe6+ Kf8 28. b4 Ke7 29. Re1 Nf4 30. Bh3+ Kd6 31. bxa5 Nd3+ 32. Kf1 Nxe1 33.
Kxe1 h5 34. Kf2 1-0

[Event "6. Raiffeisen Open - A"]
[Site "Aschach"]
[Date "1997.12.31"]
[Round "7"]
[White "Heimberger, Reinhard"]
[Black "Todor, Razwan"]
[Result "0-1"]
[WhiteElo "2260"]
[BlackElo "2170"]
[PlyCount "81"]
[EventDate "1997.??.??"]
[Source "Union Hartkirch"]
[SourceDate "1998.01.01"]

1. c4 e5 2. g3 Nc6 3. Bg2 d6 4. Nc3 Be6 5. b3 Qd7 6. Bb2 g6 7. h3 Bg7 8. Nf3 h6
9. e4 Nge7 10. Nd5 f5 11. d3 O-O 12. Qd2 a5 13. a3 Rf7 14. Nh4 Kh7 15. f4 Re8
16. O-O-O a4 17. b4 b5 18. exf5 Nxf5 19. Nxf5 gxf5 20. Bf3 Ne7 21. Bh5 Nxd5 22.
Bxf7 Bxf7 23. cxd5 Bxd5 24. Rhg1 c5 25. fxe5 cxb4 26. Qxb4 dxe5 27. Kb1 Be6 28.
Bc3 Bb3 29. Rd2 Bf8 30. Qh4 Be7 31. Qh5 Bg5 32. g4 Bf7 33. Qxg5 hxg5 34. gxf5
Qxf5 35. h4 g4 36. Re1 Bg6 37. Ka1 Qf4 38. Rde2 Bxd3 39. Bxe5 Rxe5 40. Rxe5
Qd4+ 41. Ka2 0-1

[Event "6. Raiffeisen Open - A"]
[Site "Aschach"]
[Date "1997.12.31"]
[Round "7"]
[White "Tober, Gerhard"]
[Black "Karner, Christoph"]
[Result "1/2-1/2"]
[WhiteElo "2205"]
[BlackElo "2155"]
[PlyCount "62"]
[EventDate "1997.??.??"]
[Source "Union Hartkirch"]
[SourceDate "1998.01.01"]

1. e4 c5 2. Nf3 d6 3. c3 Nf6 4. Be2 g6 5. O-O Bg7 6. Re1 O-O 7. Bf1 Nc6 8. h3
e5 9. Bb5 Bd7 10. d3 h6 11. Be3 a6 12. Ba4 Qe7 13. c4 Ne8 14. Nc3 f5 15. Nd5
Qf7 16. Nb6 Rd8 17. Nxd7 Rxd7 18. Nh2 f4 19. Bd2 g5 20. Bc3 h5 21. f3 Nf6 22.
Bxc6 bxc6 23. Rb1 Bh6 24. b4 cxb4 25. Rxb4 g4 26. fxg4 hxg4 27. Nxg4 Nxg4 28.
Qxg4+ Kh8 29. d4 Re7 30. dxe5 dxe5 31. Rbb1 Kh7 1/2-1/2

[Event "6. Raiffeisen Open - A"]
[Site "Aschach"]
[Date "1997.12.31"]
[Round "7"]
[White "Krupa, Krzysztof"]
[Black "Kranzl, Peter"]
[Result "1/2-1/2"]
[WhiteElo "2070"]
[BlackElo "2265"]
[PlyCount "86"]
[EventDate "1997.??.??"]
[Source "Union Hartkirch"]
[SourceDate "1998.01.01"]

1. e4 c6 2. c4 e5 3. Nf3 d6 4. d4 Nd7 5. Be2 Ngf6 6. Nbd2 g6 7. b3 exd4 8. Nxd4
Bg7 9. O-O O-O 10. Bb2 Re8 11. Qc2 Qb6 12. Rad1 Nc5 13. Bf3 a5 14. Bc3 Bg4 15.
Rfe1 Re7 16. Nxc6 bxc6 17. Bxf6 Bxf6 18. Bxg4 a4 19. Rb1 axb3 20. Nxb3 Rea7 21.
Nc1 Qc7 22. Re3 Bd4 23. Re2 Bf6 24. g3 Ra3 25. Kf1 Rc3 26. Qb2 Be5 27. Qb4 Kg7
28. Re1 Ra4 29. Qb6 Qxb6 30. Rxb6 Raxc4 31. Ne2 Rc2 32. f4 Bf6 33. Rxc6 Nxe4
34. Rxc4 Rxc4 35. Rd1 Rc2 36. a4 Ra2 37. Bf3 Rxa4 38. Bxe4 Rxe4 39. Rxd6 Ra4
40. h4 Ra2 41. Kf2 Ra3 42. Rd7 Kf8 43. Rc7 Kg7 1/2-1/2

[Event "6. Raiffeisen Open - A"]
[Site "Aschach"]
[Date "1997.12.31"]
[Round "7"]
[White "Nickl, Klaus"]
[Black "Roeberg, Frank"]
[Result "0-1"]
[WhiteElo "2140"]
[BlackElo "2245"]
[PlyCount "112"]
[EventDate "1997.??.??"]
[Source "Union Hartkirch"]
[SourceDate "1998.01.01"]

1. d4 Nf6 2. Nf3 c5 3. c3 cxd4 4. cxd4 d5 5. Nc3 Nc6 6. Bf4 Bf5 7. e3 e6 8. Bb5
Nd7 9. O-O Be7 10. Bd3 Bxd3 11. Qxd3 O-O 12. Rfc1 Rc8 13. h3 h6 14. Qe2 a6 15.
Rd1 Nb6 16. Rac1 Bb4 17. a3 Be7 18. e4 dxe4 19. Nxe4 Nd5 20. Bg3 Qb6 21. Rc2
Rcd8 22. b4 Nf6 23. Nc5 Rd5 24. Be5 Rfd8 25. Rdc1 Ra8 26. Nxe6 Nxe5 27. dxe5
Qxe6 28. exf6 Qxe2 29. Rxe2 Bxf6 30. a4 Rad8 31. Rc4 Rd1+ 32. Kh2 Rb1 33. Ne5
Re8 34. f4 g6 35. Rce4 Kg7 36. Nd3 Rxe4 37. Rxe4 Bc3 38. Nc5 Rxb4 39. Rxb4 Bxb4
40. Nxb7 Kf6 41. Nd8 Bc3 42. Kg3 a5 43. Kf3 Ke7 44. Nc6+ Kd7 45. Ne5+ Ke6 46.
Ng4 h5 47. Ne3 Kd6 48. f5 gxf5 49. Nxf5+ Kc5 50. g4 hxg4+ 51. hxg4 Kb4 52. Nd6
Kxa4 53. Nc4 Kb5 54. Nxa5 Bxa5 55. Kf4 f6 56. Kf5 Bd8 0-1

[Event "6. Raiffeisen Open - A"]
[Site "Aschach"]
[Date "1997.12.31"]
[Round "7"]
[White "Wege, Jochen"]
[Black "Mahdy, Khaled"]
[Result "1-0"]
[WhiteElo "2200"]
[BlackElo "2400"]
[PlyCount "77"]
[EventDate "1997.??.??"]
[Source "Union Hartkirch"]
[SourceDate "1998.01.01"]

1. e4 e5 2. Bc4 Nf6 3. d3 Nc6 4. Be3 d5 5. exd5 Nxd5 6. Qf3 Be6 7. Nc3 Nxe3 8.
Qxe3 Bxc4 9. dxc4 Qd4 10. Qxd4 Nxd4 11. O-O-O O-O-O 12. Nce2 Ne6 13. Nf3 Rxd1+
14. Rxd1 f6 15. c3 Bc5 16. Rf1 a5 17. Nd2 Rd8 18. Ne4 Be7 19. g4 Rd3 20. f3 Rd8
21. Kc2 Rh8 22. N4g3 Bc5 23. h4 Be7 24. h5 Rd8 25. Ne4 Rf8 26. N4g3 Rf7 27. Rh1
Bf8 28. Nc1 b6 29. Nd3 Kb7 30. Re1 Bd6 31. b3 Ng5 32. Rf1 Kc6 33. Ne4 Ne6 34.
Ng3 Kd7 35. a3 Rf8 36. b4 Ra8 37. Kb2 axb4 38. cxb4 c5 39. Ne4 $138 1-0

[Event "6. Raiffeisen Open - A"]
[Site "Aschach"]
[Date "1997.12.31"]
[Round "7"]
[White "Kilgus, Georg"]
[Black "Lautner, Josef"]
[Result "1-0"]
[WhiteElo "2230"]
[BlackElo "2109"]
[PlyCount "113"]
[EventDate "1997.??.??"]
[Source "Union Hartkirch"]
[SourceDate "1998.01.01"]

1. Nf3 d5 2. c4 e6 3. d4 c6 4. e3 Bd6 5. Nc3 f5 6. Ne5 Nf6 7. f4 O-O 8. Be2 b6
9. cxd5 exd5 10. O-O Bb7 11. Bd2 Qc8 12. Rc1 Ba6 13. Be1 Bxe2 14. Qxe2 Qb7 15.
Kh1 c5 16. Bh4 Na6 17. Bxf6 Rxf6 18. Qf3 Nc7 19. Rg1 Bxe5 20. dxe5 Rf7 21. g4
g6 22. gxf5 Rxf5 23. Rcd1 Rd8 24. e4 d4 25. Nd5 Rf7 26. Nf6+ Kf8 27. Rg3 Ne8
28. Ng4 Ke7 29. Nh6 Rf8 30. Kg2 Kd7 31. f5 gxf5 32. exf5 Qxf3+ 33. Kxf3 Kc6 34.
Ke4 Rd7 35. Rdg1 Re7 36. Ng8 Nd6+ 37. Kd3 Rxe5 38. f6 Nf5 39. Rg5 Kd6 40. Rh5
c4+ 41. Kd2 Rf7 42. Rg4 Ke6 43. Rgg5 Rc7 44. f7 c3+ 45. bxc3 dxc3+ 46. Kc2 Re2+
47. Kb3 Nd4+ 48. Ka3 Rb2 49. Rg2 c2 50. Rh6+ Ke5 51. Rg5+ Ke4 52. Rh4+ Ke3 53.
Rg3+ Ke2 54. Re4+ Kd2 55. Rxd4+ Ke2 56. f8=Q Rb3+ 57. Kxb3 1-0

[Event "6. Raiffeisen Open - A"]
[Site "Aschach"]
[Date "1997.12.31"]
[Round "7"]
[White "Lenz, Alarich"]
[Black "Stanka, Wolfgang"]
[Result "1-0"]
[WhiteElo "2225"]
[BlackElo "2130"]
[PlyCount "87"]
[EventDate "1997.??.??"]
[Source "Union Hartkirch"]
[SourceDate "1998.01.01"]

1. e4 c6 2. d4 d5 3. f3 e6 4. Be3 Nf6 5. e5 Nfd7 6. c3 Qb6 7. Qd2 c5 8. f4 Nc6
9. Nf3 f5 10. Be2 Be7 11. O-O Na5 12. b3 c4 13. b4 Nc6 14. a4 a5 15. b5 Nd8 16.
Na3 Qc7 17. Bf2 Nb6 18. Nc2 Bd7 19. Ne3 Nf7 20. Bh4 Bxh4 21. Nxh4 O-O-O 22. Bd1
Rhg8 23. Nf3 h6 24. g4 g5 25. gxf5 gxf4+ 26. Ng2 exf5 27. Kh1 Ng5 28. Nxf4 Ne4
29. Qe3 Rde8 30. Nd2 Ref8 31. Bh5 Qd8 32. Nxe4 fxe4 33. Ng6 Rxf1+ 34. Rxf1 Be8
35. Qxh6 Nxa4 36. e6 Nxc3 37. e7 Qd7 38. Rf8 Qh3 39. Qg5 Kc7 40. Rxg8 e3 41.
Rxe8 e2 42. Bxe2 Nxe2 43. Qe5+ Kb6 44. Qxe2 1-0

[Event "6. Raiffeisen Open - A"]
[Site "Aschach"]
[Date "1997.12.31"]
[Round "7"]
[White "Epishin, Vladimir"]
[Black "Balinov, Ilija"]
[Result "1-0"]
[WhiteElo "2570"]
[BlackElo "2560"]
[Annotator "Epishin"]
[PlyCount "91"]
[EventDate "1997.??.??"]
[Source "Union Hartkirch"]
[SourceDate "1998.01.01"]

1. d4 Nf6 2. c4 g6 3. Nc3 d5 4. cxd5 Nxd5 5. e4 Nxc3 6. bxc3 Bg7 7. Be3 c5 8.
Qd2 Qa5 9. Rb1 b6 10. Bb5+ Bd7 11. Be2 Nc6 12. Nf3 O-O 13. Rc1 Bg4 14. d5 Rad8
15. O-O Bxf3 16. Bxf3 e6 17. Bg5 $1 (17. Rfd1 exd5 18. exd5 Ne5 19. Be2 c4 20.
d6 20... Nd3 $15) 17... Rd7 18. Bf4 $5 18... exd5 19. exd5 Ne5 20. Bxe5 Bxe5
21. h4 (21. Rfe1 Bf6 22. Re4 {  h4-h5}) 21... b5 22. Rfe1 Qc7 23. Qe2 Bf4 24.
Rcd1 (24. Rb1 a6 25. a4 bxa4 26. Qxa6 26... Qa7 $11) 24... c4 25. Bg4 Rd6 26.
h5 Rfd8 27. Rd4 Bg5 (27... Rxd5 $2 28. Rxd5 Rxd5 29. Qe8+ Kg7 30. Re7 $18) 28.
Qf3 Rf6 29. Qe2 29... Ra6 $2 30. a4 bxa4 (30... Rxa4 31. d6 Rxd6 32. Qe8+ Kg7
33. Qe5+ $18) 31. Rxc4 Qd6 32. Bf3 (32. hxg6 $5 32... hxg6 33. Be6 fxe6 34. Rg4
$40) 32... a3 33. g3 Bh6 (33... a2 34. Ra1 Qa3 35. Rc6 $18) 34. Qa2 34... Bg7
$2 (34... Bf8 35. Rc6 Rxc6 36. dxc6 Qc5 37. c4 $1) 35. Rb1 Rb8 36. Rxb8+ Qxb8
37. d6 $1 37... Qb2 $2 $138 (37... Qxd6 38. Bd5 $3 $18) (37... Rxd6 38. Qxa3
$14) 38. d7 Rd6 39. Rc8+ Bf8 40. Qd5 $3 $18 40... Rxd7 41. Qxd7 a2 42. Qe7
a1=Q+ 43. Kg2 Kg7 44. Qxf8+ Kf6 45. Qd6+ Kg7 46. Qe5+ 1-0

[Event "6. Raiffeisen Open - B"]
[Site "Aschach"]
[Date "1997.12.27"]
[Round "3"]
[White "Schneider, Martin"]
[Black "Szablowski, Pawel"]
[Result "0-1"]
[WhiteElo "1946"]
[BlackElo "1800"]
[PlyCount "68"]
[EventDate "1997.??.??"]
[Source "Union Hartkirch"]
[SourceDate "1998.01.01"]

1. e4 e5 2. Nf3 Nc6 3. Bb5 Bc5 4. O-O Nd4 5. Nxd4 Bxd4 6. c3 Bb6 7. d4 c6 8.
Ba4 d6 9. f4 Nf6 10. Bc2 O-O 11. fxe5 dxe5 12. Kh1 exd4 13. Bg5 dxc3 14. Qxd8
Bxd8 15. Nxc3 Ng4 16. Bf4 Bb6 17. h3 Ne3 18. Bxe3 Bxe3 19. Rad1 Be6 20. Rf3 Bb6
21. Rfd3 Rfd8 22. g4 Rxd3 23. Rxd3 Rd8 24. Kg2 Rxd3 25. Bxd3 Bd4 26. a3 Kf8 27.
Kf3 Ke7 28. Kf4 Kd6 29. h4 h6 30. g5 hxg5+ 31. hxg5 g6 32. Be2 b5 33. Bd3 a5
34. Nd1 Bb3 0-1

[Event "6. Raiffeisen Open - B"]
[Site "Aschach"]
[Date "1997.12.27"]
[Round "3"]
[White "Payrits, Helmut"]
[Black "Pracherstorfer, Christian"]
[Result "0-1"]
[WhiteElo "1774"]
[BlackElo "1910"]
[PlyCount "58"]
[EventDate "1997.??.??"]
[Source "Union Hartkirch"]
[SourceDate "1998.01.01"]

1. c4 Nf6 2. Nc3 e5 3. g3 c6 4. Bg2 d5 5. cxd5 cxd5 6. Qa4+ Nc6 7. e3 d4 8. Ne4
Nxe4 9. Bxe4 Be7 10. Ne2 O-O 11. Bxc6 bxc6 12. exd4 Qd5 13. O-O Bh3 14. f3 Bxf1
15. Kxf1 Qxf3+ 16. Ke1 exd4 17. Qxd4 Rfe8 18. Qf2 Qe4 19. Qe3 Qh1+ 20. Qg1
Qxg1+ 21. Nxg1 Bc5+ 22. Ne2 Re7 23. Kf1 Rae8 24. Nc3 Re1+ 25. Kg2 Bd4 26. b3
Bxc3 27. dxc3 R8e2+ 28. Kf3 Rxh2 29. c4 Rhh1 0-1

[Event "6. Raiffeisen Open - B"]
[Site "Aschach"]
[Date "1997.12.27"]
[Round "3"]
[White "Schoergendorfer, Harry"]
[Black "Wald, Richard"]
[Result "1-0"]
[WhiteElo "1893"]
[BlackElo "1707"]
[PlyCount "103"]
[EventDate "1997.??.??"]
[Source "Union Hartkirch"]
[SourceDate "1998.01.01"]

1. d4 Nf6 2. Nf3 g6 3. Bg5 Bg7 4. e3 d5 5. Nbd2 O-O 6. c3 Nbd7 7. Bd3 c5 8. O-O
b6 9. Re1 Bb7 10. e4 dxe4 11. Nxe4 Nxe4 12. Bxe4 Bxe4 13. Rxe4 Nf6 14. Bxf6
Bxf6 15. Qe2 Qc7 16. dxc5 Qxc5 17. Ne5 Rad8 18. Ng4 Rd7 19. Nxf6+ exf6 20. Re1
Rfd8 21. h3 Rd2 22. Qf3 Kg7 23. R4e2 R8d3 24. Qf4 Rxe2 25. Rxe2 Qd5 26. c4 Rd1+
27. Kh2 Qd3 28. Qe4 Qd6+ 29. g3 h5 30. b3 Ra1 31. Qd5 Qxd5 32. cxd5 Rd1 33. Re7
Rxd5 34. Rxa7 Ra5 35. Rxa5 bxa5 36. Kg2 Kf8 37. a3 Ke7 38. b4 axb4 39. axb4 Kd6
40. Kf3 Kd5 41. g4 hxg4+ 42. hxg4 Kc4 43. Kf4 Kxb4 44. g5 f5 45. Ke5 Kc5 46.
Kf6 f4 47. Kxf7 Kd4 48. Kxg6 Ke4 49. Kf6 Kd3 50. Kf5 f3 51. Kf4 Ke2 52. Kg3 1-0

[Event "6. Raiffeisen Open - B"]
[Site "Aschach"]
[Date "1997.12.27"]
[Round "3"]
[White "Juricevic, Ante"]
[Black "Titz, Herbert"]
[Result "0-1"]
[WhiteElo "1794"]
[BlackElo "1936"]
[PlyCount "74"]
[EventDate "1997.??.??"]
[Source "Union Hartkirch"]
[SourceDate "1998.01.01"]

1. e4 c5 2. Nf3 d6 3. d4 cxd4 4. Nxd4 Nf6 5. Nc3 a6 6. Be2 e6 7. a4 Bd7 8. Be3
Nc6 9. O-O Rc8 10. Nxc6 Bxc6 11. f3 Qc7 12. Qd4 Be7 13. g4 O-O 14. g5 Nd7 15.
Qd2 Qa5 16. Nd5 Qd8 17. Nxe7+ Qxe7 18. c4 Nc5 19. Bd1 e5 20. b4 Ne6 21. b5 Bd7
22. Be2 f6 23. Rad1 fxg5 24. Qxd6 Rf7 25. Qxe5 Qa3 26. Rd3 Qa2 27. Rd2 Qb3 28.
Kf2 Re8 29. Qb2 Qxb2 30. Rxb2 g4 31. Kg2 gxf3+ 32. Rxf3 Rxf3 33. Bxf3 Rc8 34.
Be2 Kf7 35. a5 Nc5 36. Kf3 Na4 37. Rd2 37... Be6 $138 0-1

[Event "6. Raiffeisen Open - B"]
[Site "Aschach"]
[Date "1997.12.27"]
[Round "3"]
[White "Haas, Gerald"]
[Black "Hahn, Winfried"]
[Result "0-1"]
[WhiteElo "1761"]
[BlackElo "1898"]
[PlyCount "102"]
[EventDate "1997.??.??"]
[Source "Union Hartkirch"]
[SourceDate "1998.01.01"]

1. e4 e6 2. d4 d5 3. exd5 exd5 4. Bd3 Bd6 5. Ne2 Nf6 6. Bg5 h6 7. Bh4 Be6 8.
Nd2 Nc6 9. c3 g5 10. Bg3 Qd7 11. b3 O-O-O 12. Qc2 Rde8 13. O-O Nh5 14. Rae1
Nxg3 15. fxg3 Ne7 16. b4 Ref8 17. Nc1 f5 18. Ncb3 b6 19. a4 Rf6 20. a5 b5 21.
Nf3 Rhf8 22. Ne5 Qe8 23. a6 c6 24. Na5 Kc7 25. Qe2 Qc8 26. Nb7 Bxe5 27. Qxe5+
Kb6 28. Qd6 Ng6 29. Bxb5 Bd7 30. Qc5+ Kc7 31. Bd3 Kb8 32. Qa5 Qc7 33. Qa3 Bc8
34. Nc5 f4 35. b5 fxg3 36. Rxf6 gxh2+ 37. Kh1 Rxf6 38. Qb4 cxb5 39. Bxb5 Rb6
40. Qb3 Qg3 41. Re8 Nf4 42. Nd7+ Kc7 43. Rxc8+ Kxc8 44. Nxb6+ axb6 45. Bf1 Qf2
46. Kxh2 Qxf1 47. Qc2 Kb8 48. a7+ Ka8 49. c4 Qxg2+ 50. Qxg2 Nxg2 51. Kxg2 dxc4
0-1

[Event "6. Raiffeisen Open - B"]
[Site "Aschach"]
[Date "1997.12.28"]
[Round "4"]
[White "Pracherstorfer, Christian"]
[Black "Einfalt, Peter"]
[Result "1-0"]
[WhiteElo "1910"]
[BlackElo "1870"]
[PlyCount "80"]
[EventDate "1997.??.??"]
[Source "Union Hartkirch"]
[SourceDate "1998.01.01"]

1. e4 c5 2. d4 cxd4 3. c3 dxc3 4. Nxc3 Nc6 5. Nf3 d6 6. Bc4 e6 7. O-O Be7 8.
Qe2 a6 9. Rd1 Qc7 10. Bf4 b5 11. Bb3 Na5 12. e5 Nxb3 13. exd6 Qc4 14. Qxc4 bxc4
15. axb3 Bf6 16. bxc4 Bxc3 17. bxc3 f6 18. Be3 e5 19. c5 Bd7 20. Nd2 Bb5 21.
Rdb1 Bc6 22. Rb6 Kd7 23. Raxa6 Rxa6 24. Rxa6 Nh6 25. Ra7+ Ke6 26. Re7+ Kf5 27.
Rc7 Bb5 28. c4 Ba4 29. Bxh6 gxh6 30. d7 Rd8 31. c6 Bxc6 32. Rxc6 Rxd7 33. Nf1
Rd1 34. g3 Rc1 35. Kg2 h5 36. Ne3+ Kg5 37. h4+ Kg6 38. Nd5 Kg7 39. Nxf6 Kg6 40.
Nd5+ Kf5 1-0

[Event "6. Raiffeisen Open - B"]
[Site "Aschach"]
[Date "1997.12.28"]
[Round "4"]
[White "Szablowski, Pawel"]
[Black "Schoergendorfer, Harry"]
[Result "1-0"]
[WhiteElo "1800"]
[BlackElo "1893"]
[PlyCount "131"]
[EventDate "1997.??.??"]
[Source "Union Hartkirch"]
[SourceDate "1998.01.01"]

1. e4 c5 2. Nf3 Nc6 3. d4 cxd4 4. Nxd4 Nf6 5. Nc3 e5 6. Ndb5 d6 7. Nd5 Nxd5 8.
exd5 Nb8 9. c4 a6 10. Qa4 Nd7 11. Be3 b6 12. Be2 Bb7 13. Nc3 Be7 14. O-O O-O
15. Qc2 f5 16. f4 Rc8 17. b3 Bf6 18. Rac1 e4 19. Qd2 Qe8 20. Bd1 Nc5 21. Bc2 b5
22. Ne2 bxc4 23. bxc4 Rf7 24. Bxc5 Rxc5 25. Bb3 Rfc7 26. Nd4 e3 27. Qd3 Bxd4
28. Qxd4 Bxd5 29. Rfe1 Qe4 30. Qxe4 Bxe4 31. Rcd1 Rd7 32. Rxe3 Kf8 33. Rd4 Ke7
34. Kf2 Kf6 35. g4 h6 36. h4 g6 37. g5+ hxg5 38. hxg5+ Kg7 39. Re2 d5 40. cxd5
Rc1 41. Red2 Rh1 42. Bd1 Rd8 43. Bf3 Bxf3 44. Kxf3 Rh3+ 45. Ke2 Kf7 46. Kd1 Rc8
47. d6 Rh1+ 48. Ke2 Rh2+ 49. Kf3 Rc3+ 50. R2d3 Rh3+ 51. Ke2 Rh2+ 52. Kd1 Rcc2
53. Rd2 Rcxd2+ 54. Rxd2 Rxd2+ 55. Kxd2 Ke6 56. Kd3 Kxd6 57. Kd4 a5 58. a4 Kc6
59. Ke5 Kc5 60. Kf6 Kd4 61. Kxg6 Ke4 62. Kf6 Kxf4 63. g6 Ke4 64. g7 f4 65. g8=Q
f3 66. Qg1 1-0

[Event "6. Raiffeisen Open - B"]
[Site "Aschach"]
[Date "1997.12.28"]
[Round "4"]
[White "Hofmann, Wolfgang"]
[Black "Heuschober, Walter"]
[Result "0-1"]
[WhiteElo "1662"]
[BlackElo "1878"]
[PlyCount "52"]
[EventDate "1997.??.??"]
[Source "Union Hartkirch"]
[SourceDate "1998.01.01"]

1. d4 Nf6 2. Nf3 e6 3. c4 c5 4. d5 d6 5. Nc3 exd5 6. cxd5 g6 7. g3 Bg7 8. Bg2
O-O 9. O-O a6 10. a4 b6 11. Nd2 Nbd7 12. Nc4 Ne5 13. Nxe5 dxe5 14. e4 Ne8 15.
g4 Nd6 16. Qe2 Bd7 17. Be3 Qh4 18. f3 Rfc8 19. Qf2 Qxf2+ 20. Kxf2 f6 21. Kg3
Bf8 22. f4 Nc4 23. Bc1 Bd6 24. Kh3 Kg7 25. Bf3 h5 26. Ne2 hxg4+ 0-1

[Event "6. Raiffeisen Open - B"]
[Site "Aschach"]
[Date "1997.12.28"]
[Round "4"]
[White "Wolfram, Bernd"]
[Black "Hahn, Winfried"]
[Result "1-0"]
[WhiteElo "1836"]
[BlackElo "1898"]
[PlyCount "57"]
[EventDate "1997.??.??"]
[Source "Union Hartkirch"]
[SourceDate "1998.01.01"]

1. e4 e6 2. d4 d5 3. Nc3 Bb4 4. e5 c5 5. a3 Bxc3+ 6. bxc3 Ne7 7. Qg4 Qc7 8.
Qxg7 Rg8 9. Qxh7 cxd4 10. Ne2 Nbc6 11. f4 Bd7 12. Qd3 dxc3 13. Nxc3 a6 14. Bd2
Rc8 15. Ra2 Na5 16. Qd4 Nf5 17. Qb4 Nc6 18. Qc5 b5 19. Qf2 Na5 20. Bd3 Nc4 21.
Bxf5 Nxd2 22. Nxd5 exd5 23. Bxd7+ Kxd7 24. Qxd2 Qc4 25. Rb2 Qe4+ 26. Kf1 Rg4
27. Rb4 Rxf4+ 28. Qxf4 Qxc2 29. Qxf7+ 1-0

[Event "6. Raiffeisen Open - B"]
[Site "Aschach"]
[Date "1997.12.28"]
[Round "4"]
[White "Titz, Herbert"]
[Black "Moosleitner, Hugo"]
[Result "1-0"]
[WhiteElo "1936"]
[BlackElo "1873"]
[PlyCount "113"]
[EventDate "1997.??.??"]
[Source "Union Hartkirch"]
[SourceDate "1998.01.01"]

1. e4 c5 2. Nf3 Nc6 3. d4 cxd4 4. c3 dxc3 5. Nxc3 a6 6. Bc4 e6 7. O-O b5 8. Bb3
Bb7 9. Qe2 g6 10. Bf4 Bg7 11. Rfd1 Na5 12. Ne5 Bxe5 13. Bxe5 Nxb3 14. Bxh8 Nxa1
15. Be5 b4 16. Nb1 Rc8 17. Nd2 Nc2 18. Nc4 Bxe4 19. Nd6+ Kf8 20. Nxc8 f5 21.
Nd6 Qa5 22. Nxe4 Qxe5 23. Qxc2 fxe4 24. Qc8+ Kf7 25. Qxd7+ Ne7 26. Qd4 Qd5 27.
b3 a5 28. Qa1 Qc5 29. Re1 Qc2 30. Qb1 Qxb1 31. Rxb1 Nd5 32. Kf1 Kf6 33. Rc1 Ke5
34. a3 Kd4 35. axb4 axb4 36. Ke2 Nf4+ 37. Kd2 Nxg2 38. Rc4+ Kd5 39. Rxb4 Nh4
40. Ke3 Ng2+ 41. Kd2 h5 42. Kc3 Ke5 43. Rb8 Nh4 44. b4 Nf5 45. Rg8 Ne7 46. Rg7
Nd5+ 47. Kc4 Kf6 48. Rg8 e3 49. fxe3 Nxe3+ 50. Kd4 Nf5+ 51. Kc5 Kf7 52. Rd8 Ke7
53. Rd1 e5 54. b5 Ke6 55. b6 Ne3 56. Rd6+ Ke7 57. b7 1-0

[Event "6. Raiffeisen Open - B"]
[Site "Aschach"]
[Date "1997.12.29"]
[Round "5"]
[White "Appel, Peter"]
[Black "Flatz, Robert"]
[Result "0-1"]
[WhiteElo "1789"]
[BlackElo "1848"]
[PlyCount "80"]
[EventDate "1997.??.??"]
[Source "Union Hartkirch"]
[SourceDate "1998.01.01"]

1. d4 Nf6 2. c4 e6 3. Nc3 Bb4 4. Bg5 h6 5. Bh4 c5 6. d5 exd5 7. cxd5 d6 8. e3
O-O 9. Bd3 Re8 10. Nge2 Bg4 11. O-O Nbd7 12. f3 Bh5 13. e4 Bg6 14. Nf4 Bh7 15.
Bf2 a6 16. a4 Ne5 17. Be2 Nfd7 18. Nd3 Ba5 19. Nxe5 Nxe5 20. Qc2 Rc8 21. Bg3 c4
22. f4 Nd3 23. Bxd3 cxd3 24. Qxd3 Bxc3 25. bxc3 Bxe4 26. Qd4 Qa5 27. c4 Bf5 28.
Rfe1 Rxe1+ 29. Bxe1 Qc5 30. Qxc5 Rxc5 31. Bb4 Rxc4 32. Bxd6 Rd4 33. a5 Rxd5 34.
Bc7 Rd2 35. Re1 Be6 36. Bb6 Bd5 37. Re8+ Kh7 38. Rd8 Rxg2+ 39. Kf1 Bc6 40. Rd6
Rxh2 0-1

[Event "6. Raiffeisen Open - B"]
[Site "Aschach"]
[Date "1997.12.29"]
[Round "5"]
[White "Hahn, Winfried"]
[Black "Payrits, Helmut"]
[Result "1-0"]
[WhiteElo "1848"]
[BlackElo "1774"]
[PlyCount "77"]
[EventDate "1997.??.??"]
[Source "Union Hartkirch"]
[SourceDate "1998.01.01"]

1. d4 Nf6 2. c4 b6 3. Nc3 Bb7 4. Nf3 e6 5. Bg5 Be7 6. e3 h6 7. Bh4 a5 8. Be2
O-O 9. O-O d6 10. Qc2 Na6 11. a3 c5 12. Rfd1 Rc8 13. Rd2 cxd4 14. Nxd4 Nd7 15.
Bg3 d5 16. cxd5 exd5 17. Qd1 Nac5 18. Ndb5 Nf6 19. Bf3 Qd7 20. a4 Rfd8 21. e4
Bc6 22. e5 Nfe4 23. Bxe4 Nxe4 24. Nxe4 Bxb5 25. axb5 Qxb5 26. Nc3 Qc5 27. Rxd5
Qb4 28. Rxd8+ Rxd8 29. Qe2 Bg5 30. Ne4 Be7 31. h3 Rd4 32. f3 b5 33. Be1 Qb3 34.
Bxa5 Rc4 35. Bc3 b4 36. Nd2 Qc2 37. Qxc4 bxc3 38. Qxc3 Qf5 39. Rc1 1-0

[Event "6. Raiffeisen Open - B"]
[Site "Aschach"]
[Date "1997.12.29"]
[Round "5"]
[White "Heuschober, Walter"]
[Black "Titz, Herbert"]
[Result "1/2-1/2"]
[WhiteElo "1878"]
[BlackElo "1936"]
[PlyCount "102"]
[EventDate "1997.??.??"]
[Source "Union Hartkirch"]
[SourceDate "1998.01.01"]

1. d4 Nf6 2. Nc3 d5 3. Bg5 Bf5 4. f3 Nbd7 5. Nxd5 Nxd5 6. e4 f6 7. Bd2 Be6 8.
exd5 Bxd5 9. Bd3 c6 10. Ne2 e5 11. c3 Bd6 12. Qc2 g6 13. h4 exd4 14. cxd4 Qe7
15. O-O-O O-O-O 16. Nc3 Nb6 17. h5 g5 18. Ne4 Bxe4 19. Bxe4 Bg3 20. Ba5 Kb8 21.
Qb3 Qc7 22. Kb1 Rd7 23. d5 c5 24. Rc1 Qd6 25. Rhd1 Be5 26. Qb5 Bd4 27. b4 Rc7
28. g4 h6 29. Rc2 Rd8 30. Rdc1 c4 31. Bxb6 Qxb6 32. Qxb6 Bxb6 33. Rxc4 Rxc4 34.
Rxc4 Rc8 35. Rc2 Rxc2 36. Kxc2 Kc7 37. d6+ Kxd6 38. Bxb7 Bf2 39. Kd3 Ke5 40.
Kc4 Kd6 41. a4 Bg1 42. Be4 Bf2 43. Kb5 Be1 44. Ka6 Bxb4 45. Kxa7 Kc7 46. Ka6
Be1 47. Kb5 Bf2 48. a5 Bg1 49. a6 Bf2 50. Kc4 Kd6 51. Kd3 Ke5 1/2-1/2

[Event "6. Raiffeisen Open - B"]
[Site "Aschach"]
[Date "1997.12.29"]
[Round "5"]
[White "Wolfram, Bernd"]
[Black "Pracherstorfer, Christian"]
[Result "1-0"]
[WhiteElo "1836"]
[BlackElo "1910"]
[PlyCount "73"]
[EventDate "1997.??.??"]
[Source "Union Hartkirch"]
[SourceDate "1998.01.01"]

1. e4 c5 2. Nf3 e6 3. d4 cxd4 4. Nxd4 a6 5. c4 Nf6 6. Nc3 Qc7 7. Be2 b6 8. f4
d6 9. O-O Nbd7 10. b3 Bb7 11. Bf3 Be7 12. Be3 Rc8 13. f5 e5 14. Nde2 Nc5 15.
Qb1 Qb8 16. g4 h6 17. Ng3 Ncd7 18. Qd3 Nc5 19. Qe2 Qa8 20. Bf2 b5 21. cxb5 Nxb3
22. axb3 Rxc3 23. bxa6 Bc6 24. Rfb1 O-O 25. Kg2 Rb8 26. a7 Rc8 27. b4 Bb7 28.
b5 Rc2 29. Qd1 Kh7 30. b6 Nd7 31. Rc1 Rxf2+ 32. Kxf2 Nxb6 33. Rxc8 Qxc8 34. Qb3
Nd7 35. Qxb7 Qxb7 36. a8=Q Qb6+ 37. Kf1 1-0